| 000 | 00377nam a2200133Ia 4500 | ||
|---|---|---|---|
| 008 | 150202s9999 xx 000 0 und d | ||
| 020 | _a733528279 | ||
| 050 |
_aFIC _bFIC |
||
| 100 | _aWinston, Anne Marie. | ||
| 245 |
_aTall, dark and western / _cAnne Marie Winston. |
||
| 260 |
_aAustralia : _bHarlequin Books, _c2001. |
||
| 300 |
_a185 pages : _c18 cm. |
||
| 650 | _aFiction. | ||
| 999 |
_c282483 _d282483 |
||